书目信息 |
| 题名: |
分析化学同步辅导及习题全解
|
|
| 作者: | 周玮 主编 | |
| 分册: | ||
| 出版信息: | 徐州 中国矿业大学出版社 2009.01 |
|
| 页数: | 238页 | |
| 开本: | 23cm | |
| 丛书名: | 高等学校教材经典同步辅导丛书 | |
| 单 册: | ||
| 中图分类: | O65 | |
| 科图分类: | ||
| 主题词: | 分析化学 | |
| 电子资源: | ||
| ISBN: | 978-7-81107-911-1 | |
| 000 | 00805nam 2200241 450 | |
| 001 | 1033268875 | |
| 005 | 20111228094000.68 | |
| 010 | @a978-7-81107-911-1@dCNY19.80 | |
| 100 | @a20100515d2009 km y0chiy0120 ea | |
| 101 | 0 | @achi |
| 102 | @aCN@b320000 | |
| 105 | @ay z 000yy | |
| 200 | 1 | @a分析化学同步辅导及习题全解@Afen xi hua xue tong bu fu dao ji xi ti quan jie@e武大五版下册@f周玮主编@Fzhou wei zhu bian |
| 210 | @a徐州@c中国矿业大学出版社@d2009.01 | |
| 215 | @a238页@d23cm | |
| 225 | 2 | @a高等学校教材经典同步辅导丛书 |
| 330 | @a本书是高等学校出版社出版,武汉大学主编的《分析化学》(第5版下册)教材的配套辅导书。 | |
| 410 | 0 | @12001 @a高等学校教材经典同步辅导丛书 |
| 606 | 0 | @a分析化学 |
| 690 | @aO65@v4 | |
| 701 | 0 | @a周玮@Azhou wei@4主编 |
| 801 | 0 | @aCN@c20111228 |
| 905 | @dO65@eZ803:2@f3 | |
| 分析化学同步辅导及习题全解:武大五版下册/周玮主编.-徐州:中国矿业大学出版社,2009.01 |
| 238页;23cm.-(高等学校教材经典同步辅导丛书) |
| ISBN 978-7-81107-911-1:CNY19.80 |
| 本书是高等学校出版社出版,武汉大学主编的《分析化学》(第5版下册)教材的配套辅导书。 |
| ● |
| 相关链接 |
|
|
|
正题名:分析化学同步辅导及习题全解
索取号:O65/Z803:2
 
预约/预借
| 序号 | 登录号 | 条形码 | 馆藏地/架位号 | 状态 | 备注 |
| 1 | 1184322 | 211843228 | 自科库401/401自科库 65排3列5层/ [索取号:O65/Z803:2] | 在馆 | |
| 2 | 1184323 | 211843237 | 自科库401/401自科库 65排3列5层/ [索取号:O65/Z803:2] | 在馆 | |
| 3 | 1184324 | 211843246 | 自科库401/401自科库 65排3列5层/ [索取号:O65/Z803:2] | 在馆 |